Fundamentals financial accounting concepts
| Other Authors: | Edmonds, Thomas P |
|---|---|
| Published: |
Boston:
Irwin/McGraw-Hill,
1998.
|
| Edition: | 2nd ed. |
| Subjects: |
| LEADER | 00577cam a2200181 7i4500 | ||
|---|---|---|---|
| 001 | 0000008536 | ||
| 005 | 20170218090000.0 | ||
| 020 | |a 0071152679 (hbk.) | ||
| 020 | |a 9780071152679 | ||
| 090 | 0 | 0 | |a HF5635 |b .F34 1998 |
| 245 | 0 | 0 | |a Fundamentals financial accounting concepts |c Thomas P. Edmonds...[et al.]. |
| 250 | |a 2nd ed. | ||
| 260 | |a Boston: |b Irwin/McGraw-Hill, |c 1998. | ||
| 300 | |a xxii, 665 p.: |b col. ill.; |c 25 cm. | ||
| 650 | 0 | 0 | |a Accounting |
| 700 | 1 | |a Edmonds, Thomas P | |
| 997 | |a Business & Accountancy, Faculty | ||
| 999 | |a 0000004983 |b BOK |c OPEN SHELF |e 1st Floor, Shah Alam | ||


